000 00330 a2200157 4500
001 154084
040 _cEscola São Tomás de Aquino
100 _aNAVA, Pedro
240 1 0 _aBeira -mar
_lpor
245 1 0 _aBeira -mar
300 _a487
362 0 _a2003
440 1 _aAteliê
697 _aLITERATURA BRASILEIRA
942 _cBK
999 _c154084
_d154084